Le discours du monde (Record no. 75235)

MARC details
000 -LEADER
campo de control de longitud fija 00610nam a2200205 i 4500
001 - NÚMERO DE CONTROL
campo de control 75235
003 - IDENTIFICADOR DE NÚMERO DE CONTROL
campo de control ES-MaACL
005 - FECHA Y HORA DE LA ÚLTIMA TRANSACCIÓN
campo de control 20230906172359.0
007 - CAMPO FIJO DE DESCRIPCIÓN FÍSICA--INFORMACIÓN GENERAL
campo de control de longitud fija t|
008 - DATOS DE LONGITUD FIJA--INFORMACIÓN GENERAL
campo de control de longitud fija 040923s1977 fr ||||1| fre d
020 ## - NÚMERO INTERNACIONAL ESTÁNDAR DEL LIBRO
Número Internacional Estándar del Libro 2-02-00-4661-X
100 1# - ENTRADA PRINCIPAL--NOMBRE DE PERSONA
Nombre de persona Granier, Jean.
9 (RLIN) 59639
245 13 - MENCIÓN DEL TÍTULO
Título Le discours du monde
Resto del título : essai sur la destination de la philosophie /
Mención de responsabilidad, etc. Jean Granier.
260 ## - PUBLICACIÓN, DISTRIBUCIÓN, ETC.
Lugar de publicación, distribución, etc. Paris :
Nombre del editor, distribuidor, etc. Editions du Seuil,
Fecha de publicación, distribución, etc. [1977]
300 ## - DESCRIPCIÓN FÍSICA
Extensión 285 p. ;
Dimensiones 21 cm.
490 1# - MENCIÓN DE SERIE
Mención de serie L'ordre philosophique
830 0# - PUNTO DE ACCESO ADICIONAL DE SERIE-TÍTULO UNIFORME
Título uniforme L'ordre philosophique
9 (RLIN) 177512
852 ## - LOCALIZACIÓN
Ubicación ES-MaACL
Número de control de estantería L-11528
Sublocalización o colección R.113251
Holdings
Estatus retirado Estado de pérdida Estado de daño No para préstamo Biblioteca de origen Biblioteca actual Ubicación en estantería Fecha de adquisición Fuente de adquisición Total de préstamos Signatura topográfica completa Código de barras Visto por última vez Precio de reemplazo Tipo de ítem Koha
        Biblioteca del Ateneo de Madrid Biblioteca del Ateneo de Madrid Depósito 2 17/01/2008     L-11528 1078747 23/02/2023 23/02/2023 Libro impreso